Flags of USA States #3 - Statistics

General Stats
  • This quiz has been taken 71 times
  • The average score is 8 of 10
Answer Stats
Picture Answer % Correct
Montana
98%
Minnesota
93%
Nevada
86%
Nebraska
82%
New Hampshire
82%
New Jersey
72%
Michigan
68%
Missouri
68%
Massachusetts
63%
Mississippi
63%
No matching quizzes found
Score Distribution
Percent of People with Each Score
Percentile by Number Answered
Your Score History
You have not taken this quiz